An introduction to statistical thermodynamics / (Record no. 29739)

000 -LEADER
fixed length control field 00794 a2200205 4500
020 ## - INTERNATIONAL STANDARD BOOK NUMBER
International Standard Book Number 0486652424
020 ## - INTERNATIONAL STANDARD BOOK NUMBER
International Standard Book Number 9780486652429
082 ## - DEWEY DECIMAL CLASSIFICATION NUMBER
Classification number 541.369
090 ## - LOCALLY ASSIGNED LC-TYPE CALL NUMBER (OCLC); LOCAL CALL NUMBER (RLIN)
-- 1124
-- 1124
100 1# - MAIN ENTRY--PERSONAL NAME
Personal name Hill, Terrell L.
245 13 - TITLE STATEMENT
Title An introduction to statistical thermodynamics /
Statement of responsibility, etc. Terrell L. Hill, Physics.
260 ## - PUBLICATION, DISTRIBUTION, ETC.
Place of publication, distribution, etc. [S.l.] :
Name of publisher, distributor, etc. Dover Publications,
Date of publication, distribution, etc. 1986.
300 ## - PHYSICAL DESCRIPTION
Extent 544 p. ;
Dimensions 22 cm.
490 1# - SERIES STATEMENT
Series statement Dover books on physics.
700 1# - ADDED ENTRY--PERSONAL NAME
Personal name Hill, Terrell L.
830 #0 - SERIES ADDED ENTRY--UNIFORM TITLE
Uniform title Dover books on physics.
942 ## - ADDED ENTRY ELEMENTS (KOHA)
Institution code [OBSOLETE] SNS
Koha item type Book
Call number prefix 541.369 HIL
Holdings
Withdrawn status Lost status Damaged status Not for loan Permanent Location Current Location Date acquired Total Checkouts Full call number Barcode Date last seen Price effective from Koha item type Date last checked out
        School of Natural Sciences (SNS) School of Natural Sciences (SNS) 05/26/2016   541.369 HIL SNS0001629 05/26/2016 05/26/2016 Book  
        School of Natural Sciences (SNS) School of Natural Sciences (SNS) 05/26/2016 1 541.369 HIL SNS0001630 02/10/2020 05/26/2016 Book 10/16/2019
© 2023 Central Library, National University of Sciences and Technology. All Rights Reserved.